Tratado de Libre Comercio Centroamérica-Estados Unidos: proceso y resultados /
Đã lưu trong:
| Tác giả chính: | |
|---|---|
| Tác giả của công ty: | |
| Tác giả khác: | |
| Định dạng: | Texto |
| Ngôn ngữ: | Spanish |
| Được phát hành: |
San José:
EUNED. BCIE
2004
|
| Những chủ đề: | |
| Các nhãn: |
Thêm thẻ
Không có thẻ, Là người đầu tiên thẻ bản ghi này!
|
MARC
| LEADER | 00000 a a2200000 04500 | ||
|---|---|---|---|
| 001 | 30447 | ||
| 003 | CRAI/IIS | ||
| 005 | 20210611112411.0 | ||
| 008 | 210611e2004 cr|||||| |||| 00| 0 spa d | ||
| 020 | |a 9968-31-351-3 | ||
| 040 | |a Centro de Recursos para el Aprendizaje y la Investigación |b Españok¿l |c CRAI/IIS | ||
| 090 | |a 19504.01 | ||
| 100 | |a Weisleder, Saúl | ||
| 110 | |a Universidad Estatal a Distancia | ||
| 245 | |a Tratado de Libre Comercio Centroamérica-Estados Unidos: |b proceso y resultados / |c Saúl Weisleder | ||
| 260 | |a San José: |b EUNED. BCIE |c 2004 | ||
| 300 | |a 332 p. | ||
| 500 | |a Colección Centroamérica | ||
| 650 | |a TRUEQUE |0 TESAUROS | ||
| 650 | |a COMERCIO EXTERIOR |0 TESAUROS | ||
| 650 | |a COMERCIO INTERNACIONAL |0 TESAUROS | ||
| 650 | |a PRODUCTOS |0 TESAUROS | ||
| 650 | |a PRODUCTORES |0 TESAUROS | ||
| 650 | |a CONSUMIDORES |0 TESAUROS | ||
| 650 | |a ESPECIALIZACION DE LA PRODUCCION |0 TESAUROS | ||
| 650 | |a DINERO |0 TESAUROS | ||
| 650 | |a SUPERMERCADOS |0 TESAUROS | ||
| 650 | |a COMERCIO MINORITARIO |0 TESAUROS | ||
| 650 | |a PROPIEDAD |0 TESAUROS | ||
| 650 | |a LIBRE COMERCIO |0 TESAUROS | ||
| 650 | |a BALANZA COMERCIAL |0 TESAUROS | ||
| 650 | |a EXPORTACIONES |0 TESAUROS | ||
| 650 | |a IMPORTACIONES |0 TESAUROS | ||
| 650 | |a PUERTOS LI |0 TESAUROS | ||
| 650 | |a INDICADORES ECONOMICOS |0 TESAUROS | ||
| 700 | |a ed. | ||
| 852 | 1 | 1 | |a 19504.01 |
| 942 | |2 ddc |c LI |h 19504.01 |6 1950401 | ||
| 999 | |c 14838 |d 14838 | ||



